LIBRARY & INFORMATION CENTRE, KCAET, TAVANUR

ONLINE PUBLIC ACCESS CATALOGUE (OPAC)

Kashmir / (Record no. 142)

MARC details
000 -LEADER
fixed length control field 00329cam a2200145ua 4500
003 - CONTROL NUMBER IDENTIFIER
control field OSt
008 - FIXED-LENGTH DATA ELEMENTS--GENERAL INFORMATION
fixed length control field 240513b |||||||| |||| 00| 0 eng d
041 ## - LANGUAGE CODE
Language code of text/sound track or separate title eng
082 ## - DEWEY DECIMAL CLASSIFICATION NUMBER
Classification number 954.6
Item number PUB/KA
245 ## - TITLE STATEMENT
Title Kashmir /
250 ## - EDITION STATEMENT
Edition statement 1 /
260 ## - PUBLICATION, DISTRIBUTION, ETC. (IMPRINT)
Place of publication India :
Name of publisher Ministry of I&B, Govt. of India ,
Year of publication 1962.
300 ## - PHYSICAL DESCRIPTION
Number of Pages 124 ; .
942 ## - ADDED ENTRY ELEMENTS (KOHA)
Koha item type Books
Holdings
Withdrawn status Lost status Damaged status Home library Current library Date acquired Full call number Accession Number Koha item type Public note Cost, normal purchase price
Withdrawn     KAUAET KAUAET 07/04/2012 954.6 9593 Books Deleted  
Withdrawn     KAUAET KAUAET 07/04/2012 954.6 2738 Books   2.50
Withdrawn   Damaged KAUAET KAUAET 27/01/2021 954.6 PUB/KA 4679 Books    
free website counter